000 00907nam a2200289 a 4500
001 000037891
003 DO-SdBNP
005 20220125130257.0
007 000037891
008 130308s2007 dr ac 001 0bspa d
020 _a9993423203
040 _aBPMSU
_bspa
_cBPMSU
082 _a923.27293
_bD812b, 2007
100 1 _aBalcácer, Juan Daniel,
_d1949-
245 1 0 _aJuan Pablo Duarte :
_bel padre de la patria /
_cJuan Daniel Balcácer.
260 _aSanto Domingo :
_bSusaeta,
_c2007.
300 _a144 p. :
_bil., retr.
_c22 cm.
490 1 _aBiblioteca Susaeta
500 _aEdición escolar
600 1 4 _aDUARTE Y DIEZ, JUAN PABLO,
_d1813-1876
651 4 _aREPÚBLICA DOMINICANA
_xHISTORIA
_y1844-1930
830 0 _aBiblioteca Susaeta
910 _aValidado. Control de calidad EMS.
942 _2ddc
_cBK
945 _aInventariado / 2017 VM
956 _aVMATEO
_b10
_c20160216
_lBPMSU
_h0069
999 _c7399
_d7399